[Event "Pardubice Czech op 22nd"]
[Site "Pardubice"]
[Date "2011.07.30"]
[Round "9"]
[White "Racz, Zoltan"]
[Black "Kanovsky, David"]
[Result "1/2-1/2"]
[WhiteElo "2271"]
[BlackElo "2478"]
[PlyCount "24"]
[EventDate "2011.07.22"]
[EventType "swiss"]
[EventRounds "9"]
[EventCountry "CZE"]
[SourceTitle "CBM 143 Extra"]
[Source "ChessBase"]
[SourceDate "2011.08.29"]
[SourceVersion "1"]
[SourceVersionDate "2011.08.29"]
[SourceQuality "1"]

1. e4 c5 2. Nf3 e6 3. d4 cxd4 4. Nxd4 a6 5. Nc3 Qc7 6. Bd3 Nf6 7. 0-0 d6 8. Qe2 Nbd7 9. Kh1 Be7 10. f4 b5 11. a3 Bb7 12. Bd2 Rc8 1/2-1/2

[Event "Pardubice Czech op 22nd"]
[Site "Pardubice"]
[Date "2011.07.29"]
[Round "8"]
[White "Jasny, Stanislav"]
[Black "Racz, Zoltan"]
[Result "1/2-1/2"]
[WhiteElo "2366"]
[BlackElo "2271"]
[PlyCount "62"]
[EventDate "2011.07.22"]
[EventType "swiss"]
[EventRounds "9"]
[EventCountry "CZE"]
[SourceTitle "CBM 143 Extra"]
[Source "ChessBase"]
[SourceDate "2011.08.29"]
[SourceVersion "1"]
[SourceVersionDate "2011.08.29"]
[SourceQuality "1"]

1. e4 e6 2. d4 d5 3. Nc3 Nf6 4. e5 Nfd7 5. f4 c5 6. Nf3 Nc6 7. Ne2 Be7 8. c3 0-0 9. h4 f6 10. a3 a5 11. Ng3 cxd4 12. cxd4 fxe5 13. dxe5 Nc5 14. Bd3 Nxd3+ 15. Qxd3 Qe8 16. Be3 b6 17. Ng5 Bxg5 18. hxg5 Qg6 19. Qxg6 hxg6 20. Rc1 Bd7 21. Rf1 a4 22. Rf2 Rab8 23. Rfc2 Na5 24. Rc7 Bb5 25. Re7 Nc4 26. Nf1 d4 27. Bd2 Rbc8 28. Ng3 Nxb2 29. Rxc8 Rxc8 30. Rxe6 Nd3+ 31. Kd1 Nb2+ 1/2-1/2

[Event "Zalakaros op 30th"]
[Site "Zalakaros"]
[Date "2011.05.28"]
[Round "9"]
[White "Racz, Zoltan"]
[Black "Djurovic, Goran"]
[Result "1/2-1/2"]
[WhiteElo "2295"]
[BlackElo "2371"]
[PlyCount "82"]
[EventDate "2011.05.20"]
[EventType "swiss"]
[EventRounds "9"]
[EventCountry "HUN"]
[SourceTitle "CBM 142 Extra"]
[Source "ChessBase"]
[SourceDate "2011.06.27"]
[SourceVersion "1"]
[SourceVersionDate "2011.06.27"]
[SourceQuality "1"]

1. e4 c5 2. Nf3 d6 3. d4 cxd4 4. Nxd4 Nf6 5. Nc3 a6 6. h3 e6 7. g4 h6 8. Bg2 g5 9. Be3 Nbd7 10. h4 Rg8 11. hxg5 hxg5 12. a4 Ne5 13. f3 b6 14. Nde2 Bb7 15. Ng3 Be7 16. Nh5 Nfd7 17. Bf1 Qc7 18. Qe2 Rc8 19. Qf2 Nc4 20. Bxc4 Qxc4 21. Rd1 Qb4 22. Bc1 Ne5 23. 0-0 f5 24. Rd4 Nxf3+ 25. Qxf3 Qxd4+ 26. Be3 Qh8 27. gxf5 exf5 28. Nd5 Bxd5 29. Qxf5 Rxc2 30. exd5 Qe5 31. Qxc2 Qxe3+ 32. Kg2 Qc5 33. Qe4 Kd8 34. Rf7 Qc7 35. Ng7 Qd7 36. Ne6+ Kc8 37. Nd4 Re8 38. Nf5 Kd8 39. Nd4 Kc8 40. Nf5 Kd8 41. Nd4 Kc8 1/2-1/2